[Event "US Open-113"]
[Site "Vancouver"]
[Date "2012.08.11"]
[Round "8"]
[White "Haining, Kyle"]
[Black "Yee, Nathaniel"]
[Result "1-0"]
[WhiteElo "1900"]
[BlackElo "1623"]
[PlyCount "57"]
[EventDate "2012.08.04"]
[EventType "swiss"]
[EventRounds "9"]
[EventCountry "USA"]
[SourceTitle "CBM 149 Extra"]
[Source "ChessBase"]
[SourceDate "2012.08.24"]
[SourceVersion "1"]
[SourceVersionDate "2012.08.24"]
[SourceQuality "1"]

1. e4 e5 2. Nf3 Nc6 3. Bb5 a6 4. Bxc6 dxc6 5. 0-0 Bg4 6. d3 Bd6 7. Nbd2 Nf6 8. Nc4 Qe7 9. Ne3 Bd7 10. b3 0-0 11. Bb2 b5 12. Re1 c5 13. g3 g6 14. Nh4 c6 15. Nhg2 Nh5 16. Ng4 Qg5 17. N2e3 Rfe8 18. Bc1 Qd8 19. Nf5 Bxf5 20. exf5 Ng7 21. fxg6 hxg6 22. Qf3 Qc7 23. Nf6+ Kh8 24. g4 Rec8 25. Qh3+ Nh5 26. gxh5 Kg7 27. Qh4 Rh8 28. h6+ Kf8 29. h7 1-0